[Event "Longueuil CC ch"]
[Site "Longueuil"]
[Date "2007.02.03"]
[Round "5"]
[White "Ayotte, Jocelyn"]
[Black "Sicotte, Marc"]
[Result "0-1"]
[WhiteElo "1970"]
[BlackElo "2107"]
[PlyCount "70"]
[EventDate "2007.01.??"]
[EventType "swiss"]
[EventRounds "5"]
[EventCountry "CAN"]
[SourceTitle "EXT 2022"]
[Source "ChessBase"]
[SourceDate "2021.10.06"]
[SourceVersion "1"]
[SourceVersionDate "2021.10.06"]
[SourceQuality "1"]

1. d4 d5 2. Nf3 Nf6 3. c4 c6 4. Nc3 dxc4 5. a4 Bf5 6. e3 e6 7. Bxc4 Bb4 8. 0-0 0-0 9. h3 h6 10. Bd3 Bxd3 11. Qxd3 c5 12. Qc4 Na6 13. dxc5 Rc8 14. Rd1 Qe7 15. Qh4 Bxc3 16. bxc3 Nxc5 17. Ba3 Rfd8 18. Rab1 Rxd1+ 19. Rxd1 Qc7 20. Qd4 Nce4 21. Qxa7 Nxc3 22. Re1 b6 23. Qa6 Nfd5 24. Kh1 Qc4 25. Qb7 Qc6 26. Qxc6 Rxc6 27. Ne5 Rc7 28. e4 Nf6 29. Rc1 Nfxe4 30. Rc2 f6 31. Ng4 Nd5 32. Rb2 Rc1+ 33. Kh2 Ra1 34. Rb3 Nd2 35. Rd3 Rd1 0-1

[Event "Longueuil CC ch"]
[Site "Longueuil"]
[Date "2007.01.20"]
[Round "3"]
[White "Guentchev, Radoslav"]
[Black "Sicotte, Marc"]
[Result "0-1"]
[WhiteElo "1676"]
[BlackElo "2107"]
[PlyCount "104"]
[EventDate "2007.01.??"]
[EventType "swiss"]
[EventRounds "5"]
[EventCountry "CAN"]
[SourceTitle "EXT 2022"]
[Source "ChessBase"]
[SourceDate "2021.10.06"]
[SourceVersion "1"]
[SourceVersionDate "2021.10.06"]
[SourceQuality "1"]

1. d4 d5 2. Bf4 c6 3. c3 Nf6 4. Nd2 g6 5. Ngf3 Bg7 6. e3 Nbd7 7. Bd3 Nh5 8. Bg3 0-0 9. 0-0 Nxg3 10. hxg3 e5 11. dxe5 Nxe5 12. Nxe5 Bxe5 13. Nf3 Bg7 14. Qc2 Re8 15. Rad1 Qa5 16. Qb1 Bg4 17. Rd2 Re7 18. Nh2 Be6 19. f4 Qc5 20. Re1 Rae8 21. f5 Bxf5 22. Bxf5 Rxe3 23. Rxe3 Bh6 24. Ng4 Bxe3+ 25. Nxe3 Qxe3+ 26. Rf2 Qe1+ 27. Rf1 Qe3+ 28. Rf2 gxf5 29. Qxf5 Qc1+ 30. Rf1 Qe3+ 31. Rf2 Qe6 32. Qh5 Qg6 33. Qh4 Re1+ 34. Kh2 Re6 35. Qd8+ Kg7 36. Rf4 Rf6 37. Rxf6 Qxf6 38. Qd7 Qh6+ 39. Kg1 Qc1+ 40. Kh2 Qxb2 41. Qg4+ Kf8 42. Qc8+ Ke7 43. Qc7+ Ke6 44. Qc8+ Kd6 45. Qb8+ Kc5 46. Qxa7+ b6 47. Qe7+ Kb5 48. Qxf7 Qxc3 49. Qf1+ Ka5 50. Qf7 Qc2 51. Qa7+ Kb5 52. Qa3 d4 0-1

[Event "Quebec-ch 1/2 final"]
[Site "Montreal"]
[Date "2006.06.17"]
[Round "3"]
[White "Sicotte, Marc"]
[Black "Page, Denis"]
[Result "1/2-1/2"]
[WhiteElo "2054"]
[BlackElo "1785"]
[PlyCount "109"]
[EventDate "2006.06.16"]
[EventType "swiss"]
[EventRounds "5"]
[EventCountry "CAN"]
[SourceTitle "EXT 2007"]
[Source "ChessBase"]
[SourceDate "2006.11.23"]
[SourceVersion "1"]
[SourceVersionDate "2006.11.23"]
[SourceQuality "1"]

1. e4 c5 2. Nf3 e6 3. d4 cxd4 4. Nxd4 Nf6 5. Nc3 Nc6 6. Ndb5 d6 7. Bf4 e5 8. Bg5 a6 9. Na3 Be6 10. Nd5 Bxd5 11. exd5 Qa5+ 12. c3 Qxd5 13. Bxf6 Qxd1+ 14. Rxd1 gxf6 15. Nc4 Rd8 16. Ne3 Ne7 17. g3 h5 18. Bg2 b5 19. Bb7 a5 20. Nd5 Rh6 21. Nc7+ Kd7 22. Nxb5 Nc6 23. Rd5 Rb8 24. Bxc6+ Kxc6 25. c4 h4 26. 0-0 Be7 27. g4 h3 28. Rfd1 f5 29. gxf5 Rg8+ 30. Kh1 Rg4 31. b3 Rf4 32. R1d2 Rxf5 33. Nd4+ exd4 34. Rxf5 Re6 35. Rd1 Re2 36. Rf3 Bh4 37. Rxh3 Bxf2 38. a4 Kc5 39. Kg2 Be3+ 40. Kf3 Rf2+ 41. Ke4 f5+ 42. Kd3 Rb2 43. Rh8 Rxb3+ 44. Kc2 Rc3+ 45. Kb2 Rxc4 46. Rc8+ Kd5 47. Rxc4 Kxc4 48. Rf1 f4 49. h4 Kd3 50. h5 Ke2 51. h6 d3 52. Kc3 Kxf1 53. Kxd3 Bc1 54. Kc2 Be3 55. Kd3 1/2-1/2

[Event "Quebec-ch qual1"]
[Site "Montreal"]
[Date "2006.05.06"]
[Round "3"]
[White "Sullivan, Neil"]
[Black "Sicotte, Marc"]
[Result "1/2-1/2"]
[WhiteElo "2066"]
[BlackElo "1960"]
[PlyCount "43"]
[EventDate "2006.05.05"]
[EventType "swiss"]
[EventRounds "5"]
[EventCountry "CAN"]
[SourceTitle "EXT 2007"]
[Source "ChessBase"]
[SourceDate "2006.11.23"]
[SourceVersion "1"]
[SourceVersionDate "2006.11.23"]
[SourceQuality "1"]

1. Nf3 Nf6 2. b4 e6 3. a3 b6 4. d4 d5 5. Bb2 Bb7 6. e3 Be7 7. Nbd2 0-0 8. Bd3 c5 9. bxc5 bxc5 10. c4 cxd4 11. exd4 dxc4 12. Nxc4 Nc6 13. 0-0 Qd5 14. Ne3 Qh5 15. Ne5 Qxd1 16. Rfxd1 Rab8 17. Rab1 Rfd8 18. Bc3 Kf8 19. Rxb7 Rxb7 20. Nxc6 Rc8 21. Na5 Rbb8 22. Be1 1/2-1/2

[Event "Quebec Montcalm-ch"]
[Site "Quebec"]
[Date "2006.01.06"]
[Round "1"]
[White "Sicotte, Marc"]
[Black "Dorion, Francois"]
[Result "0-1"]
[WhiteElo "2022"]
[BlackElo "1814"]
[PlyCount "52"]
[EventDate "2006.01.06"]
[EventType "swiss"]
[EventRounds "5"]
[EventCountry "CAN"]
[SourceTitle "EXT 2007"]
[Source "ChessBase"]
[SourceDate "2006.11.23"]
[SourceVersion "1"]
[SourceVersionDate "2006.11.23"]
[SourceQuality "1"]

1. e4 e5 2. f4 d5 3. exd5 exf4 4. Bb5+ c6 5. dxc6 bxc6 6. Qe2+ Be7 7. Ba4 Nf6 8. Nf3 0-0 9. 0-0 Ba6 10. c4 Bc5+ 11. d4 Bxd4+ 12. Kh1 Re8 13. Qc2 Be3 14. Nbd2 Qb6 15. b3 Nbd7 16. Bb2 Rab8 17. Bc3 Qc5 18. b4 Qh5 19. Bxc6 Bb7 20. Bxb7 Rxb7 21. c5 Rc7 22. Nc4 Ne4 23. Nxe3 fxe3 24. Be1 Ndf6 25. Ng1 Ng4 26. Nh3 Qe5 0-1

[Event "Quebec-ch sf"]
[Site "Montreal"]
[Date "2005.06.12"]
[Round "5"]
[White "Sicotte, Marc"]
[Black "Bekteshi, Muhamet"]
[Result "1/2-1/2"]
[WhiteElo "2012"]
[BlackElo "2164"]
[PlyCount "35"]
[EventDate "2005.06.10"]
[EventType "swiss"]
[EventRounds "5"]
[EventCountry "CAN"]
[SourceTitle "EXT 2007"]
[Source "ChessBase"]
[SourceDate "2006.11.23"]
[SourceVersion "1"]
[SourceVersionDate "2006.11.23"]
[SourceQuality "1"]

1. e4 c5 2. Nf3 g6 3. c4 Bg7 4. d4 cxd4 5. Nxd4 Nc6 6. Be3 Nf6 7. Nc3 0-0 8. Be2 d6 9. 0-0 a6 10. Qd2 Ng4 11. Bxg4 Bxg4 12. f3 Bd7 13. Rac1 Rc8 14. b3 Qa5 15. Rfd1 Be6 16. Nxe6 fxe6 17. c5 Rcd8 18. Na4 1/2-1/2

[Event "Quebec-ch qual1"]
[Site "Montreal"]
[Date "2005.05.01"]
[Round "5"]
[White "Anastasovski, Nikola"]
[Black "Sicotte, Marc"]
[Result "1-0"]
[WhiteElo "2159"]
[BlackElo "1956"]
[PlyCount "105"]
[EventDate "2005.04.29"]
[EventType "swiss"]
[EventRounds "5"]
[EventCountry "CAN"]
[SourceTitle "CBM 106 Extra"]
[Source "ChessBase"]
[SourceDate "2005.07.01"]
[SourceVersion "1"]
[SourceVersionDate "2005.07.01"]
[SourceQuality "1"]

1. e4 e6 2. d4 d5 3. e5 c5 4. c3 Nc6 5. Be3 Qb6 6. Qd2 cxd4 7. cxd4 Bd7 8. Nc3 Nge7 9. Nf3 Nf5 10. Rc1 Be7 11. Bd3 g6 12. 0-0 Ng7 13. Rfd1 0-0 14. Bg5 f6 15. exf6 Bxf6 16. Bxf6 Rxf6 17. Qh6 Rxf3 18. gxf3 Nxd4 19. Qe3 Rf8 20. f4 Ngf5 21. Bxf5 Nxf5 22. Qxb6 axb6 23. Ne2 Bc6 24. Nd4 Nxd4 25. Rxd4 Ra8 26. Ra1 b5 27. b3 Ra3 28. Kf1 Kf7 29. Ke2 Ke7 30. Kd3 Kd6 31. Kc3 Kc5 32. Rb4 Bd7 33. Rd4 Bc6 34. Rd3 Ra8 35. Kd2 d4 36. Rh3 h5 37. Kd3 Rf8 38. Rh4 b4 39. Rg1 Bb5+ 40. Ke4 Rd8 41. Rc1+ Kb6 42. Rd1 d3 43. Rd2 Rd5 44. Rh3 Kc5 45. Rg3 Rd4+ 46. Ke3 Rd5 47. Rxg6 e5 48. f5 Rd4 49. Rg5 Rh4 50. f6 Kd6 51. Rf5 Ke6 52. f7 Rh3+ 53. f3 1-0

[Event "Quebec-ch qual1"]
[Site "Montreal"]
[Date "2005.04.30"]
[Round "3"]
[White "Sullivan, Neil"]
[Black "Sicotte, Marc"]
[Result "1-0"]
[WhiteElo "2122"]
[BlackElo "1956"]
[PlyCount "40"]
[EventDate "2005.04.29"]
[EventType "swiss"]
[EventRounds "5"]
[EventCountry "CAN"]
[SourceTitle "CBM 106 Extra"]
[Source "ChessBase"]
[SourceDate "2005.07.01"]
[SourceVersion "1"]
[SourceVersionDate "2005.07.01"]
[SourceQuality "1"]

1. e4 e6 2. d3 d5 3. Nd2 Nf6 4. g3 c5 5. Bg2 Be7 6. Ngf3 Nc6 7. 0-0 0-0 8. e5 Nd7 9. Re1 Qc7 10. Qe2 f6 11. exf6 Nxf6 12. Bh3 Kh8 13. Bxe6 Bxe6 14. Qxe6 Bd6 15. c3 Rae8 16. Qh3 Rxe1+ 17. Nxe1 Qe7 18. Ndf3 Qe2 19. Qf1 Qd1 20. Ng2 Qxf3 1-0

[Event "Quebec-ch qual1"]
[Site "Montreal"]
[Date "2005.04.29"]
[Round "1"]
[White "Ber, Alexandre"]
[Black "Sicotte, Marc"]
[Result "0-1"]
[WhiteElo "1535"]
[BlackElo "1956"]
[PlyCount "78"]
[EventDate "2005.04.29"]
[EventType "swiss"]
[EventRounds "5"]
[EventCountry "CAN"]
[SourceTitle "CBM 106 Extra"]
[Source "ChessBase"]
[SourceDate "2005.07.01"]
[SourceVersion "1"]
[SourceVersionDate "2005.07.01"]
[SourceQuality "1"]

1. d4 Nf6 2. c4 g6 3. Nc3 d5 4. Nf3 Bg7 5. e3 0-0 6. Be2 b6 7. 0-0 Bb7 8. Nd2 Nbd7 9. cxd5 Nxd5 10. Nxd5 Bxd5 11. Bf3 Bxf3 12. Nxf3 e5 13. Bd2 e4 14. Ne1 c5 15. Bc3 Qe7 16. Nc2 Rfd8 17. Qe2 Nf8 18. Rad1 Rd5 19. dxc5 Rxd1 20. Rxd1 Bxc3 21. bxc3 Qxc5 22. Qd2 Rc8 23. Nd4 Qxc3 24. Qxc3 Rxc3 25. Nb5 Rc2 26. Nxa7 Rxa2 27. Nc8 Rb2 28. Kf1 Ne6 29. Ke1 Nc5 30. Kf1 f5 31. Rd6 b5 32. Ne7+ Kf7 33. Nd5 Nd3 34. Rb6 Rxf2+ 35. Kg1 Rb2 36. Rb7+ Kf8 37. h3 Rb1+ 38. Kh2 b4 39. Nc3 bxc3 0-1